Текст томруулах:    
Labor economics (Бичлэгийн дугаар. 146095)
000 -УДИРДЛАГА
Удирдлага 01208 a2200433 4500
003 - ХЯНАЛТЫН ТОО ТОДОРХОЙЛОГЧ
Код MN-UlNUM
005 - БИЧИЛТ ХИЙСЭН ОГНОО
Тухайн бичилтийг бичсэн засварласан сүүлийн огноо 20260106124807.0
008 - ЕРӨНХИЙ МЭДЭЭЛЭЛ
Ерөнхий мэдээлэл 110605s2008 maua b 001 0 eng
020 ## - ISBN
ISBN 9780073402826
-- 0073402826
040 ## - БИЧЛЭГ ҮҮСГЭГЧ БАЙГУУЛЛАГА
Бичлэг үүсгэгч номын сангийн код МУИС-ийн номын сан
084 ## - ББК АНГИЛАЛ
Нэмэлт тусгалт Нэг сэдэвт бүтээл
ББК ангилал 65.24
Зохиогчийн гурван тэмдэгт B 78
Мэдлэгийн ялгаа 65 - Эдийн засаг
100 1# - ЗОХИОГЧ
Зохиогчийн нэр Borjas, George J.
240 10 - Шифр - Номын наалт, тайланд хэрэглэх
Ангилалын дугаар /Зохиогчийн 3 тэмдэгт 65.(7)240/B-78
245 10 - ҮНДСЭН ГАРЧИГ
Номын нэр Labor economics
Оролцогчдын тухай мэдээ George J. Borjas
250 ## - ДАХИН ХЭВЛЭЛТ
Дахин гаралтын дугаар 4th ed.
260 ## - ГАРАЛТЫН МЭДЭЭ
Хэвлэгдсэн газар Boston
Хэвлэлийн газар McGraw-Hill/Irwin
Хэвлэгдсэн он 2008
300 ## - МАТЕРИАЛЫН ТОДОРХОЙЛОЛТ
хуудасны тоо xvi, 544 p.
Бусад тоон мэдээлэл ill.
Хэмжээ 24 cm
500 ## - Тайлбар
Дансны дугаар БС 6062
546 ## - ХЭЛНИЙ ТУХАЙ МЭДЭЭ
Хэл Англи хэл дээр,
653 ## - Түлхүүр үг
Түлхүүр үг economics
653 ## - Түлхүүр үг
Түлхүүр үг labor economics
653 ## - Түлхүүр үг
Түлхүүр үг labor market
740 ## - НОМЫН ГАРЧИГ
Гарчиг Introduction to Labor Economics
740 ## - НОМЫН ГАРЧИГ
Гарчиг Labor Supply
740 ## - НОМЫН ГАРЧИГ
Гарчиг Topics in Labor Supply
740 ## - НОМЫН ГАРЧИГ
Гарчиг Labor Demand
740 ## - НОМЫН ГАРЧИГ
Гарчиг Labor Market Equilibrium
740 ## - НОМЫН ГАРЧИГ
Гарчиг Compensating Wage Differentials
740 ## - НОМЫН ГАРЧИГ
Гарчиг Human Capital
740 ## - НОМЫН ГАРЧИГ
Гарчиг The Wage Structure
740 ## - НОМЫН ГАРЧИГ
Гарчиг Labor Mobility
740 ## - НОМЫН ГАРЧИГ
Гарчиг Labor Market Discrimination
740 ## - НОМЫН ГАРЧИГ
Гарчиг Labor Unions
740 ## - НОМЫН ГАРЧИГ
Гарчиг Labor Market Contracts
740 ## - НОМЫН ГАРЧИГ
Гарчиг Unemployment
942 ## - ЭЛЕМЕНТИЙН ТӨРӨЛ
Зүйлийн төрөл Ном